000 01281nam0a22002891 4500
001 rc\3490511
005 20130115141129.0
021 _aRU
_b[69-93823]
035 _a(NLR Aleph) 007677054
090 _a6497244
_c6497244
100 _a20130115d1969 |||y0rusy50 ca
101 1 _arus
_ctat
102 _aRU
105 _aac z |||a|
200 1 _aЕсть цветы у нас
_eЧетыре тетради стихов
_eПер. с татар.
210 _aКазань
_cТаткнигоиздат
_d1969
215 _a127 с., 1 л. портр.
_cил.
_d16
300 _aВ вып. дан. авт.: Нури Заки (Нурутдинов Заки Шарафутдинович)
327 0 _aЦиклы: Зори Волги, зори Камы; Есть цветы у нас...; Будь всюду с другом; Пожелания юмориста
464 0 _12001#$aЗори Волги, зори Камы$aЕсть цветы у нас...$aБудь всюду с другом$aПожелания юмориста
700 1 _aНури
_bЗ.
_f1921-
_gЗаки
790 1 _aНурутдинов
_bЗ. Ш.
_f1921-
_gЗаки Шарафутдинович
801 0 _aRU
_bNLR
_gpsbo
801 1 _aRU
_bELAR
_2rusmarc
852 _aNLR
_j69-2/3285
942 _cBOOK
980 _aNB